000 01269nam0a2200301 4500
001 RU\NLR\bibl\551636
005 20250609160704.0
010 _a5-215-01469-8
_9100
021 _aRU
_b2004-18296
_9936
035 _a(NLR Aleph) 000543812
090 _a1429589
_c1429589
100 _a20040913d2003 |||y0rusy50 ca
101 0 _arus
102 _aRU
105 _ay |||||||||
200 1 _aОтечественная история
_eУчеб. слов. для студентов всех спец.
_fО.Ю. Яхшиян, к.ист.н., доц.
_gМ-во образования Рос. Федерации, Гос. образоват. учреждение высш. проф. образования "Гос. ун-т упр.", Ин-т гос. и муницип. упр.
210 _aМ.
_cГУУ
_d2003
215 _a60 с.
_d21
607 _aСССР
_jСловари
_xИстория
_9912491
_3RU\NLR\auth\6613829
607 _aРоссия
_jСловари
_xИстория
_91554184
_3RU\NLR\auth\66979780
686 _aТ3(2)я2
700 1 _aЯхшиян
_bО. Ю.
_gОлег Юрьевич
_4070
801 0 _aRU
_bNLR
_c20040913
_gPSBO
801 1 _aRU
_bNLR
_c20040913
830 _aАвт. по кн.
942 _cBOOK
980 _aNB